[Event "North Island-ch"]
[Site "Auckland"]
[Date "2022.07.15"]
[Round "4"]
[White "Po`E Tofaeono, Grayson"]
[Black "Lee, Fergus"]
[Result "0-1"]
[WhiteElo "1459"]
[BlackElo "1546"]
[PlyCount "74"]
[EventDate "2022.07.14"]
[EventType "swiss"]
[EventRounds "9"]
[EventCountry "NZL"]
[SourceTitle "EXT 2024"]
[Source "ChessBase"]
[SourceDate "2023.10.10"]
[SourceVersion "1"]
[SourceVersionDate "2023.10.10"]
[SourceQuality "1"]

1. e4 c6 2. Nf3 d5 3. exd5 cxd5 4. d4 Nc6 5. c3 Bf5 6. Bd3 Bg6 7. Bf4 e6 8. Qc2 Bd6 9. Bg3 Rc8 10. 0-0 Nge7 11. Re1 0-0 12. Qd2 Nf5 13. Bxf5 Bxf5 14. Bxd6 Qxd6 15. Ne5 Nxe5 16. Rxe5 f6 17. Re1 e5 18. Na3 e4 19. Rac1 Rfd8 20. Nc2 Bg6 21. Re3 Rf8 22. Ree1 f5 23. Ne3 b5 24. Qe2 Be8 25. Kh1 Bd7 26. Qh5 Rf6 27. h3 Rcf8 28. Nf1 Rg6 29. Ng3 f4 30. Nxe4 dxe4 31. Rxe4 f3 32. g4 Rh6 33. Qe5 Rxh3+ 34. Kg1 Qh6 35. Qd5+ Kh8 36. Qg8+ Kxg8 37. Rf4 Rh1# 0-1